Every president of the United States of America - Statistics

General Stats
  • This quiz has been taken 13 times
  • The average score is 28 of 47
Answer Stats
Hint Answer % Correct
2009 Barack Obama
100%
2025 Donald Trump
100%
2017 Donald Trump
100%
2021 Joe Biden
100%
1861 Abraham Lincoln
91%
1993 Bill Clinton
91%
1989 George H. W. Bush
91%
1789 George Washington
91%
2001 George W. Bush
91%
1933 Franklin D. Roosevelt
82%
1969 Richard Nixon
82%
1901 Theodore Roosevelt
82%
1865 Andrew Johnson
73%
1961 John F. Kennedy
73%
1963 Lyndon B. Johnson
73%
1953 Dwight D. Eisenhower
64%
1797 John Adams
64%
1825 John Quincy Adams
64%
1801 Thomas Jefferson
64%
1913 Woodrow Wilson
64%
1829 Andrew Jackson
55%
1974 Gerald Ford
55%
1893 Grover Cleveland
55%
1885 Grover Cleveland
55%
1945 Harry S. Truman
55%
1929 Herbert Hoover
55%
1837 Martin Van Buren
55%
1981 Ronald Reagan
55%
1869 Ulysses S. Grant
55%
1889 Benjamin Harrison
45%
1923 Calvin Coolidge
45%
1881 James A. Garfield
45%
1977 Jimmy Carter
45%
1841 William Henry Harrison
45%
1853 Franklin Pierce
36%
1857 James Buchanan
36%
1845 James K. Polk
36%
1809 James Madison
36%
1817 James Monroe
36%
1841 John Tyler
36%
1850 Millard Fillmore
36%
1909 William Howard Taft
36%
1897 William McKinley
36%
1849 Zachary Taylor
36%
1881 Chester A. Arthur
27%
1877 Rutherford B. Hayes
27%
1921 Warren G. Harding
18%
No matching quizzes found
Score Distribution
Percent of People with Each Score
Percentile by Number Answered
Your Score History
You have not taken this quiz